000 01653nam0a2200301 4500
001 RU\NLR\bibl\1731455
005 20260408013957.0
010 _a978-5-9902091-3-8
_91470
021 _aRU
_b2011-66
_96
035 _a(NLR Aleph) 001722404
090 _a1348088
_c1348088
100 _a20110204d2010 |||y0rusy50 ca
101 0 _arus
102 _aRU
105 _aach |||||||||
200 1 _aБоевая комсомольская дружина Казанский авиационный институт "Дорога мужества"
_e1955-2010
_eисторические хроники Боевой комсомольской дружины Казанского авиационного института
_f[авт.-сост.: Михаил Сачев
_gгл. ред.: Светлана Берсенева]
210 _aЕкатеринбург
_cГенри Пушель
_d2010
215 _a371, [5] c.
_cил., цв. ил., факс., портр.
_d30
601 0 2 _aКазанский авиационный институт им. А.Н. Туполева
_bБоевая комсомольская дружина
_92616384
_3RU\NLR\auth\661552943
686 _aЧ481.382.74
702 1 _aСачев
_bМ.
_gМихаил
_4220
702 1 _aБерсенева
_bС.
_gСветлана
_4340
712 0 2 _4570
_aКазанский авиационный институт им. А. Н. Туполева
_bБоевая комсомольская дружина
_9849650
_3RU\NLR\AUTH\8810176731
801 0 _aRU
_bNLR
_c20110204
_gRCR
801 1 _aRU
_bNLR
_c20110204
942 _cBOOK
980 _aNB